Normal view
MARC view
- Civil rights
Entry Topical Term
001 - CONTROL NUMBER
- control field: 85538
003 - CONTROL NUMBER IDENTIFIER
- control field: NUST
005 - DATE AND TIME OF LATEST TRANSACTION
- control field: 20211203103716.0
008 - FIXED-LENGTH DATA ELEMENTS
- fixed length control field: 211203|| aca||aabn | a|a d
040 ## - CATALOGING SOURCE
- Original cataloging agency: NUST
- Transcribing agency: NUST
150 ## - HEADING--TOPICAL TERM
- Topical term or geographic name entry element: Civil rights
670 ## - SOURCE DATA FOUND
- Source citation: Work cat.: (NUST)0: Smith, Rhona K. M., author. 85536, Texts and materials on international human rights /
